| 000 | 00399nam a22001457a 4500 | ||
|---|---|---|---|
| 020 |
_a978-3-319-24115-9 _qConcrete Structures (2nd Ed); Mehdi Setareh & Rovert Darvas |
||
| 040 | _cDLC | ||
| 082 |
_2624.1834 _bSEI |
||
| 100 |
_aMehdi Setareh _989303 |
||
| 245 |
_aConcrete Structures _cMehdi Setareh |
||
| 250 | _a2nd Edition | ||
| 260 |
_aUSA _bSpringer _c2017 |
||
| 300 | _a680 | ||
| 942 |
_2ddc _cBK |
||
| 999 |
_c588083 _d588083 |
||